Banner

Organízate con eficacia : (Record no. 1934)

MARC details
000 -LEADER
campo de control de longitud fija 02112nam a22003017a 4500
003 - IDENTIFICADOR DE NÚMERO DE CONTROL
campo de control OSt
005 - FECHA Y HORA DE LA ÚLTIMA TRANSACCIÓN
campo de control 20241112223326.0
008 - DATOS DE LONGITUD FIJA--INFORMACIÓN GENERAL
campo de control de longitud fija 241112b |||||||| |||| 00| 0 eng d
020 ## - NÚMERO INTERNACIONAL ESTÁNDAR DEL LIBRO
Número Internacional Estándar del Libro 9788492921300
020 ## - NÚMERO INTERNACIONAL ESTÁNDAR DEL LIBRO
Número Internacional Estándar del Libro 9788499449081 (E-ISBN)
040 ## - FUENTE DE CATALOGACIÓN
Centro catalogador/agencia de origen CO-UDECOLOMBIA
Lengua de catalogación esp
Centro/agencia transcriptor CO-UDECOLOMBIA
Centro/agencia modificador CO-UDECOLOMBIA
082 04 - NÚMERO DE LA CLASIFICACIÓN DECIMAL DEWEY
Número de clasificación 658.4093
Número de ítem A425
100 1# - ENTRADA PRINCIPAL--NOMBRE DE PERSONA
Nombre de persona Allen, David
9 (RLIN) 2771
245 10 - MENCIÓN DEL TÍTULO
Título Organízate con eficacia :
Resto del título El arte de la productividad sin estrés [Getting Things Done] /
Medio David Allen, traducción de Martín Rodríguez-Courel Ginzo.
250 ## - MENCION DE EDICION
Mención de edición Edición revisada y ampliada.
250 ## - MENCION DE EDICION
Mención de edición 9 edición.
260 3# - PUBLICACIÓN, DISTRIBUCIÓN, ETC.
Lugar de publicación, distribución, etc. Madrid :
Nombre del editor, distribuidor, etc. Empresa Activa,
Fecha de publicación, distribución, etc. 2015.
300 ## - DESCRIPCIÓN FÍSICA
Extensión 343 p. ;
Dimensiones 24 cm.
490 0# - MENCIÓN DE SERIE
Mención de serie Gestión del conocimiento
505 0# - NOTA DE CONTENIDO CON FORMATO
Nota de contenido con formato El arte de organizarse con eficacia -- Practicando la productividad sin estrés -- El poder de los principios fundamentales
520 1# - RESUMEN, ETC.
Sumario, etc. Nueva edición totalmente revisada y actualizada del método GTD para la organización, productividad y gestión del tiempo.<br/>"Soy un devoto creyente del método GTD... su filosofía me ha permitido aumentar exponencialmente mi productividad pero también mi bienestar. Pero lo que causa asombro es también cómo el método GTD se ha logrado instaurar en distintas partes del mundo. Es un movimiento genuino y auténtico". Daniel Pink, autor de Drive y Las Aventuras de Johnny Bunko.<br/><br/>"Organízate con eficacia ofrece herramientas para poder desarrollar las principales habilidades mentales necesarias en una época de multitareas y sobrecarga de trabajo". The Wall Street Journal.<br/><br/>"Organízate con eficacia, describe un proceso increíblemente práctico que puede ayudar a las personas ocupadas y retomar el control de su vida. Puede ayudar a ser más exitoso y, más importante, a tener una vida más feliz". Marshal Goldsmith, autor de Un nuevo impulso.
650 04 - PUNTO DE ACCESO ADICIONAL DE MATERIA--TÉRMINO DE MATERIA
Término de materia o nombre geográfico como elemento de entrada Productividad
9 (RLIN) 2772
650 04 - PUNTO DE ACCESO ADICIONAL DE MATERIA--TÉRMINO DE MATERIA
Término de materia o nombre geográfico como elemento de entrada Ansiedad
9 (RLIN) 2773
650 04 - PUNTO DE ACCESO ADICIONAL DE MATERIA--TÉRMINO DE MATERIA
Término de materia o nombre geográfico como elemento de entrada Estrés en el trabajo
9 (RLIN) 1730
650 04 - PUNTO DE ACCESO ADICIONAL DE MATERIA--TÉRMINO DE MATERIA
Término de materia o nombre geográfico como elemento de entrada Psicología industrial
9 (RLIN) 1856
700 ## - ENTRADA AGREGADA--NOMBRE PERSONAL
Nombre de persona Rodríguez-Courel Ginzo, Martín
9 (RLIN) 2774
Término indicativo de función/relación Traductor
942 ## - ELEMENTOS DE ENTRADA SECUNDARIOS (KOHA)
Fuente del sistema de clasificación o colocación Clasificación Decimal Dewey
Tipo de ítem Koha Libros
Parte de la signatura que corresponde a la clasificación (Parte de la clasificación) 658.4093 A425
Suprimir en OPAC No
Holdings
Estatus retirado Estado de pérdida Fuente del sistema de clasificación o colocación Estado de daño No para préstamo Colección Biblioteca de origen Biblioteca actual Fecha de adquisición Fuente de adquisición Total de préstamos Signatura topográfica completa Código de barras Visto por última vez Copia número Precio de reemplazo Tipo de ítem Koha
    Clasificación Decimal Dewey     Colección general U DE COLOMBIA - Biblioteca U DE COLOMBIA - Biblioteca 12/11/2024 DONACIÓN 2024   658.4093 A425 001121 12/11/2024 1 12/11/2024 Libros


Biblioteca Académica Corporación Universitaria U DE COLOMBIA | Teléfono: +(57) (4) 2398080 ext. 1112 | E-mail: biblioteca@udecolombia.edu.co | Dirección: Calle 56 Nº 41 – 147 (Bolivia con Girardot)
Horario de atención: lunes a viernes 8:00 a.m. a 8:00 p.m. - sábados 8:00 a.m. a 4:00 p.m.
Implementado por Grupo EGS.

Powered by Koha